ბათუმის შოთა რუსთაველის სახელმწიფო უნივერსიტეტის ბიბლიოთეკა

მეაბრეშუმეობა საქართველოში. (ბიბ.ჩანაწერი № 44673)

000 -LEADER
fixed length control field 00902nam a2200229Ia 4500
001 - CONTROL NUMBER
control field 11476
003 - CONTROL NUMBER IDENTIFIER
control field GE_BSU
008 - FIXED-LENGTH DATA ELEMENTS--GENERAL INFORMATION
fixed length control field 181216s||||||||xx |||||||||||||| ||und||
040 ## - CATALOGING SOURCE
Transcribing agency GE_BSU
080 ## - UNIVERSAL DECIMAL CLASSIFICATION NUMBER
Universal Decimal Classification number 638.2(479.22)(09)+392(=353.1)
100 ## - MAIN ENTRY--PERSONAL NAME
Personal name აბესაძე,ნანული.
245 ## - TITLE STATEMENT
Title მეაბრეშუმეობა საქართველოში.
245 ## - TITLE STATEMENT
Remainder of title ეთნოგრაფიული მასალების მიხედვით.
245 ## - TITLE STATEMENT
Statement of responsibility, etc. რედ:გ.ჩიტაია.
260 ## - PUBLICATION, DISTRIBUTION, ETC.
Place of publication, distribution, etc. თბილისი.
260 ## - PUBLICATION, DISTRIBUTION, ETC.
Name of publisher, distributor, etc. სამეც. მეთოდ. კაბინეტის გამ–ბა.
260 ## - PUBLICATION, DISTRIBUTION, ETC.
Date of publication, distribution, etc. 1957.
300 ## - PHYSICAL DESCRIPTION
Extent 217გვ;20სმ.
300 ## - PHYSICAL DESCRIPTION
Accompanying material ილუსტრაციები გვ:196–216.
653 ## - INDEX TERM--UNCONTROLLED
Uncontrolled term მეაბრეშუმეობა საქართველოში.
942 ## - ADDED ENTRY ELEMENTS (KOHA)
Koha item type წიგნი
ეგზემპლარები
Withdrawn status Lost status Damaged status Not for loan Date acquired Barcode Date last seen Price effective from Koha item type
        2018-12-17 20232 2018-12-17 2018-12-17 წიგნი